[Event "Stay Safe Play From Home 248"]
[Site "Emanuel Lasker Arena"]
[Date "2020.06.23"]
[Round "8"]
[White "Dave_H"]
[Black "Scorpio New"]
[Result "0-1"]
[WhiteElo "1741"]
[BlackElo "2135"]
[Annotator "NA"]
[PlyCount "66"]
[EventDate "2020.06.23"]
[EventType "swiss (blitz)"]
[WhiteTeam "SK Vellmar"]

{Halt, David (2088)} 1. e4 {[%emt 0:00:01]} d6 {[%emt 0:00:01]} 2. d4 {[%emt 0:00:01]} g6 {[%emt 0:00:01]} 3. Nc3 {[%emt 0:00:02]} Bg7 {[%emt 0:00:00]} 4. f4 {[%emt 0:00:03]} Nd7 {[%emt 0:00:00]} 5. Nf3 {[%emt 0:00:01]} c6 {[%emt 0:00:00]} 6. Bc4 {[%emt 0:00:02]} Qc7 {[%emt 0:00:00]} 7. a4 {[%emt 0:00:02]} e6 {[%emt 0:00:00]} 8. O-O {[%emt 0:00:02]} a6 {[%emt 0:00:01]} 9. f5 {[%emt 0:00:01]} gxf5 {[%emt 0:00:02]} 10. exf5 {[%emt 0:00:01]} Nb6 {[%emt 0:00:01]} 11. Bb3 {[%emt 0:00:04]} d5 {[%emt 0:00:01]} 12. a5 {[%emt 0:00:02]} Nc4 {[%emt 0:00:01]} 13. Bxc4 {[%emt 0:00:02]} dxc4 {[%emt 0:00:00]} 14. fxe6 {[%emt 0:00:02]} Bxe6 {[%emt 0:00:01]} 15. Ng5 {[%emt 0:00:02]} O-O-O {[%emt 0:00:02]} 16. Bf4 {[%emt 0:00:02]} Qd7 {[%emt 0:00:05]} 17. d5 {[%emt 0:00:03]} Bg4 {[%emt 0:00:02]} 18. dxc6 {[%emt 0:00:04]} bxc6 {[%emt 0:00:03]} 19. Qxd7+ {[%emt 0:00:02]} Rxd7 {[%emt 0:00:00]} 20. h3 {[%emt 0:00:04]} Bf5 {[%emt 0:00:01]} 21. Rae1 {[%emt 0:00:01]} h6 {[%emt 0:00:01]} 22. Re8+ {[%emt 0:00:02]} Kb7 {[%emt 0:00:01]} 23. Rb8+ {[%emt 0:00:02]} Ka7 {[%emt 0:00:01]} 24. Na4 {[%emt 0:00:02]} hxg5 {[%emt 0:00:05]} 25. Bg3 {[%emt 0:00:04]} Nf6 {[%emt 0:00:06]} 26. Nb6 {[%emt 0:00:01]} Rxb8 {[%emt 0:00:02]} 27. Nxd7 {[%emt 0:00:01]} Nxd7 {[%emt 0:00:01]} 28. Bf2+ {[%emt 0:00:00]} Kb7 {[%emt 0:00:01]} 29. Be3 {[%emt 0:00:00]} g4 {[%emt 0:00:02]} 30. Rxf5 {[%emt 0:00:01]} f6 {[%emt 0:00:02]} 31. Rb5+ {[%emt 0:00:00]} cxb5 {[%emt 0:00:01]} 32. Bb6 {[%emt 0:00:02]} Nxb6 {[%emt 0:00:01]} 33. c3 {[%emt 0:00:00]} Na4 {[%emt 0:00:01] Zeit (Lag: Av=0.23s, max=0.4s) .} 0-1

[Event "Stay Safe Play From Home 248"]
[Site "Emanuel Lasker Arena"]
[Date "2020.06.23"]
[Round "8"]
[White "Germanicus G"]
[Black "Matanant"]
[Result "1-0"]
[WhiteElo "1313"]
[BlackElo "1613"]
[Annotator "NA"]
[PlyCount "39"]
[EventDate "2020.06.23"]
[EventType "swiss (blitz)"]

1. g3 {[%emt 0:00:01]} d5 {[%emt 0:00:02]} 2. Bg2 {[%emt 0:00:00]} e5 {[%emt 0:00:02]} 3. Nf3 {[%emt 0:00:00]} Be6 {[%emt 0:00:01]} 4. e3 {[%emt 0:00:00]} f6 {[%emt 0:00:01]} 5. d4 {[%emt 0:00:00]} c5 {[%emt 0:00:00]} 6. dxe5 {[%emt 0:00:01]} fxe5 {[%emt 0:00:02]} 7. Nxe5 {[%emt 0:00:00]} Nf6 {[%emt 0:00:02]} 8. c3 {[%emt 0:00:04]} Nc6 {[%emt 0:00:01]} 9. Nxc6 {[%emt 0:00:01]} bxc6 {[%emt 0:00:01]} 10. O-O {[%emt 0:00:01]} Bd6 {[%emt 0:00:02]} 11. c4 {[%emt 0:00:01]} O-O {[%emt 0:00:04]} 12. cxd5 {[%emt 0:00:01]} cxd5 {[%emt 0:00:01]} 13. Nc3 {[%emt 0:00:00]} Bc7 {[%emt 0:00:05]} 14. b3 {[%emt 0:00:03]} Rc8 {[%emt 0:00:05]} 15. Bb2 {[%emt 0:00:02]} d4 {[%emt 0:00:04]} 16. exd4 {[%emt 0:00:02]} cxd4 {[%emt 0:00:01]} 17. Na4 {[%emt 0:00:01]} Be5 {[%emt 0:00:08]} 18. Qe2 {[%emt 0:00:02]} Qd6 {[%emt 0:00:04]} 19. Rfe1 {[%emt 0:00:03]} Nd7 {[%emt 0:00:03]} 20. Rad1 {[%emt 0:00:05] Time (Lag: Av=0.53s, max=0.7s)} 1-0

[Event "Stay Safe Play From Home 248"]
[Site "Emanuel Lasker Arena"]
[Date "2020.06.23"]
[Round "9"]
[White "Mepe_Nika"]
[Black "Buzaglo"]
[Result "1-0"]
[WhiteElo "2391"]
[BlackElo "1904"]
[Annotator "TA"]
[PlyCount "135"]
[EventDate "2020.06.23"]
[EventType "swiss (blitz)"]

{[%evp 19,134,-1,-10,-74,8,0,37,31,41,0,20,0,-7,0,260,254,251,102,123,114,220,0,94,93,110,123,131,86,582,131,135,102,164,154,155,140,140,139,135,123,248,245,244,235,273,132,139,149,135,141,336,200,268,199,573,563,539,530,1172,1140,1401,946,1684,1627,10875,8719,29976,29977,29977,29977,29977,29978,29982,29983,29983,29984,29984,29985,29988,29989,29989,29987,29987,29984,29984,29985,29985,29986,29987,29984,29987,29988,29991,29992,29994,29993,29994,29995,29995,29994,29994,29994,29994,29995,29995,29995,29995,29996,29996,29997,29997,29997,29998,29998,29998,29999,29999]} 1. d4 e6 2. Bf4 d5 3. e3 Bd6 4. Bxd6 Qxd6 5. c4 Nf6 6. Nc3 dxc4 7. Bxc4 c5 8. Nf3 cxd4 9. exd4 O-O 10. O-O Nc6 {[#]} 11. Qe2 $146 {B14: Caro-Kann: Panov-Botvinnik Attack with 5...e6 and 5...g6.} (11. Re1 $1 $11) ({Predecessor:} 11. Qd3 b6 12. Rfd1 Bb7 13. a3 Ne7 14. Ba6 Bxa6 15. Qxa6 Nfd5 16. Rac1 Rfc8 17. h3 Nxc3 18. Rxc3 Rxc3 19. bxc3 {½-½ (32) Sesko,M (2174)-Karpanov,V (2269) ICCF email 2013}) 11... Nd5 ({Black should try} 11... Nxd4 $17 12. Nxd4 Qxd4) 12. Rad1 Nxc3 13. bxc3 {White is slightly better.} b6 14. Bd3 g6 15. Ng5 Qf4 16. Ne4 e5 $2 {[%mdl 8192] [#]} (16... Bb7 $11 {and Black stays safe.}) 17. g3 Qf5 18. Nd6 (18. d5 $18 Ne7 19. Bb5) 18... Qe6 19. Nxc8 Raxc8 (19... Qxc8 $16 20. d5 (20. dxe5 Qc7 $16) 20... Nb8) 20. Rfe1 $2 (20. Ba6 $18 {Black must now prevent d5.} Rcd8 {[#]} 21. d5 $1 {[%mdl 512]} Rxd5 22. Bc4 {[%mdl 64] Skewer}) 20... Qd6 (20... exd4 $11 21. Qxe6 fxe6) 21. dxe5 $16 Qe7 22. Bb5 Nd8 23. Rd3 Nb7 $2 {[%mdl 8192]} (23... Ne6 $16) 24. Red1 $2 (24. Rd7 $18 {is the precise move to win.} Qc5 25. Rxb7) 24... Nc5 25. Re3 Qg5 (25... Rcd8 $16) 26. Bc4 Ne6 27. Bxe6 fxe6 28. h4 Qf5 29. Rd7 Rc5 (29... Rf7 $16 {was worth a try.} 30. Red3 Rxd7 31. Rxd7 Rxc3) 30. Rxa7 $18 Qb1+ 31. Kg2 {And now Rf3 would win.} Qf5 32. Qf3 (32. a4 $18 {is more deadly.}) 32... Qxf3+ $16 33. Rxf3 Rxf3 34. Kxf3 Rxc3+ $2 {[%mdl 4096] Endgame KR-KR} (34... Rxe5 $16 {was necessary.} 35. Re7 Rc5 36. Rxe6 Rxc3+ 37. Re3 Rc2) 35. Ke4 (35. Kg4 $142) 35... Rc6 36. Re7 Kf8 $2 (36... h6 {is a better chance.} 37. Rb7 Rc2) 37. Rxh7 $18 Rc4+ 38. Kf3 Rc3+ 39. Kg4 Ra3 40. Rb7 Rxa2 41. f4 Ra6 42. Kg5 Ke8 43. Kxg6 {White mates.} Ra3 44. Kf6 Rxg3 45. Kxe6 {[%cal Rb7b8]} Kd8 46. f5 Kc8 47. Rxb6 Kc7 48. Rd6 Rh3 49. f6 Rxh4 50. Rd7+ Kc6 51. Re7 Rh6 52. Re8 Kc5 53. Ke7 Kd4 54. e6 Rh7+ 55. f7 Rh3 56. f8=Q Rd3 57. Rd8+ Kc3 58. Qf6+ Kc2 59. Rxd3 Kxd3 60. Qe5 Kc2 61. Kd6 Kb3 62. Qd5+ Kc2 63. e7 Kc3 64. e8=Q Kb2 65. Qee4 Ka3 66. Qdd3+ Ka2 67. Qee2+ Ka1 68. Qdd1# {Accuracy: White = 54%, Black = 41%.} 1-0

[Event "Stay Safe Play From Home 248"]
[Site "Emanuel Lasker Arena"]
[Date "2020.06.23"]
[Round "9"]
[White "SoulofWolf"]
[Black "SecantFX"]
[Result "1-0"]
[WhiteElo "2176"]
[BlackElo "1919"]
[Annotator "NA"]
[PlyCount "125"]
[EventDate "2020.06.23"]
[EventType "swiss (blitz)"]

1. d4 {[%emt 0:00:01]} d5 {[%emt 0:00:00]} 2. Nf3 {[%emt 0:00:01]} Nf6 {[%emt 0:00:01]} 3. g3 {[%emt 0:00:00]} Bg4 {[%emt 0:00:00]} 4. Bg2 {[%emt 0:00:01]} Bh5 {[%emt 0:00:00]} 5. O-O {[%emt 0:00:01]} Bg6 {[%emt 0:00:00]} 6. Nbd2 {[%emt 0:00:00]} e6 {[%emt 0:00:00]} 7. Ne5 {[%emt 0:00:00]} c6 {[%emt 0:00:01]} 8. b3 {[%emt 0:00:01]} Bd6 {[%emt 0:00:01]} 9. f4 {[%emt 0:00:01]} Nbd7 {[%emt 0:00:02]} 10. Nxg6 {[%emt 0:00:01]} hxg6 {[%emt 0:00:01]} 11. Bb2 {[%emt 0:00:01]} O-O {[%emt 0:00:01]} 12. c4 {[%emt 0:00:01]} b6 {[%emt 0:00:02]} 13. c5 {[%emt 0:00:00]} bxc5 {[%emt 0:00:01]} 14. dxc5 {[%emt 0:00:00]} Bxc5+ {[%emt 0:00:00]} 15. Kh1 {[%emt 0:00:00]} Bb6 {[%emt 0:00:00]} 16. Rc1 {[%emt 0:00:00]} Rc8 {[%emt 0:00:01]} 17. Qc2 {[%emt 0:00:01]} Qe7 {[%emt 0:00:01]} 18. Nf3 {[%emt 0:00:01]} Nc5 {[%emt 0:00:01]} 19. Rfd1 {[%emt 0:00:01]} Nce4 {[%emt 0:00:01]} 20. Bd4 {[%emt 0:00:06]} Bxd4 {[%emt 0:00:01]} 21. Rxd4 {[%emt 0:00:01]} Nf2+ {[%emt 0:00:01]} 22. Kg1 {[%emt 0:00:01]} N6e4 {[%emt 0:00:00]} 23. Ne5 {[%emt 0:00:03]} c5 {[%emt 0:00:01]} 24. Ra4 {[%emt 0:00:03]} d4 {[%emt 0:00:04]} 25. Bxe4 {[%emt 0:00:02]} Nxe4 {[%emt 0:00:01]} 26. Qxe4 {[%emt 0:00:00]} f6 {[%emt 0:00:01]} 27. Nc4 {[%emt 0:00:03]} f5 {[%emt 0:00:01]} 28. Qe5 {[%emt 0:00:01]} Rc7 {[%emt 0:00:01]} 29. Rd1 {[%emt 0:00:03]} Rd8 {[%emt 0:00:02]} 30. Ra6 {[%emt 0:00:09]} Rd5 {[%emt 0:00:01]} 31. Qxe6+ {[%emt 0:00:01]} Qxe6 {[%emt 0:00:01]} 32. Rxe6 {[%emt 0:00:00]} Kf7 {[%emt 0:00:00]} 33. Ra6 {[%emt 0:00:01]} Re7 {[%emt 0:00:02]} 34. Ne5+ {[%emt 0:00:00]} Rexe5 {[%emt 0:00:01]} 35. fxe5 {[%emt 0:00:00]} Rxe5 {[%emt 0:00:00]} 36. Kg2 {[%emt 0:00:01]} Rxe2+ {[%emt 0:00:01]} 37. Kf3 {[%emt 0:00:00]} Re7 {[%emt 0:00:00]} 38. Rc1 {[%emt 0:00:01]} g5 {[%emt 0:00:01]} 39. Rxc5 {[%emt 0:00:01]} g4+ {[%emt 0:00:00]} 40. Kf2 {[%emt 0:00:00]} d3 {[%emt 0:00:01]} 41. Rd5 {[%emt 0:00:01]} Re2+ {[%emt 0:00:01]} 42. Kf1 {[%emt 0:00:01]} Rxh2 {[%emt 0:00:01]} 43. Rxd3 {[%emt 0:00:01]} Rh1+ {[%emt 0:00:00]} 44. Ke2 {[%emt 0:00:00]} Rh2+ {[%emt 0:00:01]} 45. Ke3 {[%emt 0:00:00]} Rh1 {[%emt 0:00:01]} 46. Kf4 {[%emt 0:00:01]} Rf1+ {[%emt 0:00:01]} 47. Kg5 {[%emt 0:00:00]} Re1 {[%emt 0:00:01]} 48. Rxa7+ {[%emt 0:00:00]} Re7 {[%emt 0:00:01]} 49. Rdd7 {[%emt 0:00:01]} Rxd7 {[%emt 0:00:01]} 50. Rxd7+ {[%emt 0:00:00]} Ke6 {[%emt 0:00:00]} 51. Rc7 {[%emt 0:00:00]} g6 {[%emt 0:00:00]} 52. Rc2 {[%emt 0:00:01]} Ke5 {[%emt 0:00:01]} 53. b4 {[%emt 0:00:00]} Ke4 {[%emt 0:00:00]} 54. b5 {[%emt 0:00:01]} Kd3 {[%emt 0:00:00]} 55. Rc8 {[%emt 0:00:00]} Ke3 {[%emt 0:00:01]} 56. b6 {[%emt 0:00:00]} Kf3 {[%emt 0:00:00]} 57. b7 {[%emt 0:00:01]} Kxg3 {[%emt 0:00:00]} 58. b8=Q+ {[%emt 0:00:01]} f4 {[%emt 0:00:00]} 59. Qxf4+ {[%emt 0:00:01]} Kh3 {[%emt 0:00:01]} 60. Qxg4+ {[%emt 0:00:00]} Kh2 {[%emt 0:00:01]} 61. Kxg6 {[%emt 0:00:00]} Kh1 {[%emt 0:00:01]} 62. Qg5 {[%emt 0:00:00]} Kh2 {[%emt 0:00:00]} 63. Rh8# {[%emt 0:00:01] (Lag: Av=0.46s, max=1.1s)} 1-0

[Event "Stay Safe Play From Home 248"]
[Site "Emanuel Lasker Arena"]
[Date "2020.06.23"]
[Round "9"]
[White "Scorpio New"]
[Black "Germanicus G"]
[Result "1-0"]
[WhiteElo "2138"]
[BlackElo "1342"]
[Annotator "NA"]
[PlyCount "89"]
[EventDate "2020.06.23"]
[EventType "swiss (blitz)"]

1. d3 {[%emt 0:00:01]} e6 {[%emt 0:00:01]} 2. Nd2 {[%emt 0:00:00]} d6 {[%emt 0:00:01]} 3. c3 {[%emt 0:00:00]} c6 {[%emt 0:00:01]} 4. Qc2 {[%emt 0:00:00]} d5 {[%emt 0:00:00]} 5. e4 {[%emt 0:00:00]} Nf6 {[%emt 0:00:01]} 6. Ngf3 {[%emt 0:00:01]} Be7 {[%emt 0:00:00]} 7. e5 {[%emt 0:00:01]} Nfd7 {[%emt 0:00:02]} 8. d4 {[%emt 0:00:00]} c5 {[%emt 0:00:01]} 9. h4 {[%emt 0:00:01]} cxd4 {[%emt 0:00:01]} 10. cxd4 {[%emt 0:00:00]} Nc6 {[%emt 0:00:01]} 11. a3 {[%emt 0:00:01]} f6 {[%emt 0:00:03]} 12. exf6 {[%emt 0:00:02]} Nxf6 {[%emt 0:00:01]} 13. Bd3 {[%emt 0:00:01]} O-O {[%emt 0:00:01]} 14. Ng5 {[%emt 0:00:02]} h6 {[%emt 0:00:01]} 15. Ndf3 {[%emt 0:00:05]} e5 {[%emt 0:00:01]} 16. dxe5 {[%emt 0:00:01]} Ne4 {[%emt 0:00:02]} 17. Nxe4 {[%emt 0:00:03]} dxe4 {[%emt 0:00:02]} 18. Bxe4 {[%emt 0:00:00]} Nd4 {[%emt 0:00:02]} 19. Nxd4 {[%emt 0:00:02]} Qxd4 {[%emt 0:00:01]} 20. Be3 {[%emt 0:00:01]} Qxe5 {[%emt 0:00:01]} 21. Bh7+ {[%emt 0:00:05]} Kh8 {[%emt 0:00:02]} 22. Bg6 {[%emt 0:00:02]} Bf6 {[%emt 0:00:02]} 23. O-O {[%emt 0:00:03]} Qxb2 {[%emt 0:00:02]} 24. Qc5 {[%emt 0:00:07]} Be6 {[%emt 0:00:06]} 25. Qh5 {[%emt 0:00:02]} Qe5 {[%emt 0:00:02]} 26. Qxe5 {[%emt 0:00:04]} Bxe5 {[%emt 0:00:02]} 27. Rab1 {[%emt 0:00:00]} Bd5 {[%emt 0:00:02]} 28. a4 {[%emt 0:00:02]} Bc6 {[%emt 0:00:01]} 29. a5 {[%emt 0:00:01]} a6 {[%emt 0:00:01]} 30. Bd3 {[%emt 0:00:01]} Bf4 {[%emt 0:00:01]} 31. Bxf4 {[%emt 0:00:01]} Rxf4 {[%emt 0:00:02]} 32. Bc4 {[%emt 0:00:00]} Rxh4 {[%emt 0:00:01]} 33. Be2 {[%emt 0:00:02]} Rd4 {[%emt 0:00:01]} 34. Bf3 {[%emt 0:00:02]} Ra4 {[%emt 0:00:01]} 35. Bxc6 {[%emt 0:00:03]} bxc6 {[%emt 0:00:01]} 36. Rbd1 {[%emt 0:00:01]} Rxa5 {[%emt 0:00:00]} 37. Rd2 {[%emt 0:00:01]} Rb5 {[%emt 0:00:01]} 38. Re2 {[%emt 0:00:00]} c5 {[%emt 0:00:01]} 39. Rfe1 {[%emt 0:00:00]} c4 {[%emt 0:00:01]} 40. f3 {[%emt 0:00:00]} c3 {[%emt 0:00:03]} 41. Kf2 {[%emt 0:00:00]} Rc5 {[%emt 0:00:01]} 42. Rc2 {[%emt 0:00:00]} a5 {[%emt 0:00:01]} 43. Rec1 {[%emt 0:00:00]} a4 {[%emt 0:00:01]} 44. Ke3 {[%emt 0:00:00]} a3 {[%emt 0:00:01]} 45. Ra2 {[%emt 0:00:00] Zeit (Lag: Av=0.15s, max=0.5s)} 1-0

[Event "Stay Safe Play From Home 248"]
[Site "Emanuel Lasker Arena"]
[Date "2020.06.23"]
[Round "9"]
[White "Lazieri3"]
[Black "Fischer_11"]
[Result "0-1"]
[WhiteElo "2127"]
[BlackElo "1967"]
[Annotator "NA"]
[PlyCount "126"]
[EventDate "2020.06.23"]
[EventType "swiss (blitz)"]

1. e4 {[%emt 0:00:01]} Nf6 {[%emt 0:00:01]} 2. Nc3 {[%emt 0:00:00]} d5 {[%emt 0:00:01]} 3. exd5 {[%emt 0:00:00]} Nxd5 {[%emt 0:00:00]} 4. Nxd5 {[%emt 0:00:00]} Qxd5 {[%emt 0:00:00]} 5. Qf3 {[%emt 0:00:01]} Qc5 {[%emt 0:00:01]} 6. c3 {[%emt 0:00:02]} e5 {[%emt 0:00:01]} 7. Qe3 {[%emt 0:00:01]} Nc6 {[%emt 0:00:02]} 8. Qxc5 {[%emt 0:00:01]} Bxc5 {[%emt 0:00:00]} 9. Bb5 {[%emt 0:00:03]} Bd7 {[%emt 0:00:01]} 10. Nf3 {[%emt 0:00:00]} f6 {[%emt 0:00:01]} 11. d4 {[%emt 0:00:03]} exd4 {[%emt 0:00:02]} 12. cxd4 {[%emt 0:00:05]} Nxd4 {[%emt 0:00:01]} 13. Bxd7+ {[%emt 0:00:01]} Kxd7 {[%emt 0:00:00]} 14. Nxd4 {[%emt 0:00:01]} Bxd4 {[%emt 0:00:00]} 15. O-O {[%emt 0:00:01]} Rad8 {[%emt 0:00:02]} 16. Bf4 {[%emt 0:00:01]} Kc8 {[%emt 0:00:01]} 17. Rac1 {[%emt 0:00:02]} c6 {[%emt 0:00:04]} 18. b3 {[%emt 0:00:02]} Rhe8 {[%emt 0:00:02]} 19. Rc2 {[%emt 0:00:01]} Be5 {[%emt 0:00:01]} 20. Bxe5 {[%emt 0:00:01]} Rxe5 {[%emt 0:00:00]} 21. g3 {[%emt 0:00:03]} Red5 {[%emt 0:00:01]} 22. Re1 {[%emt 0:00:01]} Rd1 {[%emt 0:00:01]} 23. Rxd1 {[%emt 0:00:01]} Rxd1+ {[%emt 0:00:00]} 24. Kg2 {[%emt 0:00:00]} Kd7 {[%emt 0:00:03]} 25. Kf3 {[%emt 0:00:00]} b6 {[%emt 0:00:01]} 26. Ke2 {[%emt 0:00:01]} Rd5 {[%emt 0:00:02]} 27. h4 {[%emt 0:00:01]} a5 {[%emt 0:00:01]} 28. Kf3 {[%emt 0:00:01]} Kd6 {[%emt 0:00:00]} 29. Ke4 {[%emt 0:00:01]} g6 {[%emt 0:00:00]} 30. f4 {[%emt 0:00:01]} h6 {[%emt 0:00:01]} 31. g4 {[%emt 0:00:01]} f5+ {[%emt 0:00:01]} 32. gxf5 {[%emt 0:00:01]} gxf5+ {[%emt 0:00:00]} 33. Ke3 {[%emt 0:00:02]} Rc5 {[%emt 0:00:03]} 34. Rg2 {[%emt 0:00:03]} Rc3+ {[%emt 0:00:02]} 35. Kd2 {[%emt 0:00:01]} Rh3 {[%emt 0:00:01]} 36. Rg6+ {[%emt 0:00:01]} Kd5 {[%emt 0:00:01]} 37. Rxh6 {[%emt 0:00:01]} Rf3 {[%emt 0:00:01]} 38. h5 {[%emt 0:00:03]} Rxf4 {[%emt 0:00:01]} 39. a4 {[%emt 0:00:03]} Rh4 {[%emt 0:00:02]} 40. Rh8 {[%emt 0:00:01]} f4 {[%emt 0:00:01]} 41. h6 {[%emt 0:00:00]} Kc5 {[%emt 0:00:01]} 42. h7 {[%emt 0:00:01]} Rh3 {[%emt 0:00:04]} 43. Ke2 {[%emt 0:00:01]} Kb4 {[%emt 0:00:04]} 44. Rb8 {[%emt 0:00:01]} Rxh7 {[%emt 0:00:01]} 45. Rxb6+ {[%emt 0:00:00]} Kc5 {[%emt 0:00:02]} 46. Ra6 {[%emt 0:00:00]} Rh3 {[%emt 0:00:00]} 47. Kf2 {[%emt 0:00:01]} Kb4 {[%emt 0:00:00]} 48. Rb6+ {[%emt 0:00:01]} Ka3 {[%emt 0:00:01]} 49. Ra6 {[%emt 0:00:00]} Rxb3 {[%emt 0:00:01]} 50. Rxc6 {[%emt 0:00:00]} f3 {[%emt 0:00:00]} 51. Rf6 {[%emt 0:00:00]} Kxa4 {[%emt 0:00:00]} 52. Rf4+ {[%emt 0:00:00]} Ka3 {[%emt 0:00:01]} 53. Rf6 {[%emt 0:00:00]} a4 {[%emt 0:00:00]} 54. Rf8 {[%emt 0:00:00]} Kb2 {[%emt 0:00:00]} 55. Ra8 {[%emt 0:00:00]} a3 {[%emt 0:00:00]} 56. Kg3 {[%emt 0:00:00]} a2 {[%emt 0:00:00]} 57. Kf2 {[%emt 0:00:00]} a1=Q {[%emt 0:00:00]} 58. Kg3 {[%emt 0:00:00]} Qa2 {[%emt 0:00:00]} 59. Kf4 {[%emt 0:00:00]} Qxa8 {[%emt 0:00:01]} 60. Ke5 {[%emt 0:00:00]} Qa7 {[%emt 0:00:00]} 61. Kf6 {[%emt 0:00:00]} Qa6+ {[%emt 0:00:00]} 62. Ke5 {[%emt 0:00:00]} Qa5+ {[%emt 0:00:00]} 63. Kf4 {[%emt 0:00:00]} Qa4+ {[%emt 0:00:00]} 0-1

[Event "Stay Safe Play From Home 248"]
[Site "Emanuel Lasker Arena"]
[Date "2020.06.23"]
[Round "9"]
[White "Haxhi Baha"]
[Black "Don59as"]
[Result "0-1"]
[WhiteElo "1920"]
[BlackElo "2144"]
[Annotator "NA"]
[PlyCount "54"]
[EventDate "2020.06.23"]
[EventType "swiss (blitz)"]

1. e4 {[%emt 0:00:01]} e5 {[%emt 0:00:01]} 2. f4 {[%emt 0:00:01]} d5 {[%emt 0:00:01]} 3. exd5 {[%emt 0:00:01]} e4 {[%emt 0:00:00]} 4. d4 {[%emt 0:00:00]} exd3 {[%emt 0:00:01]} 5. Qxd3 {[%emt 0:00:02]} Nf6 {[%emt 0:00:00]} 6. c4 {[%emt 0:00:01]} Bc5 {[%emt 0:00:01]} 7. Be3 {[%emt 0:00:01]} Qe7 {[%emt 0:00:01]} 8. Kd2 {[%emt 0:00:01]} Nbd7 {[%emt 0:00:01]} 9. Bxc5 {[%emt 0:00:01]} Nxc5 {[%emt 0:00:01]} 10. Qe3 {[%emt 0:00:00]} Nce4+ {[%emt 0:00:03]} 11. Kc2 {[%emt 0:00:03]} Bf5 {[%emt 0:00:01]} 12. Bd3 {[%emt 0:00:03]} Ng4 {[%emt 0:00:02]} 13. Qf3 {[%emt 0:00:04]} Ngf2 {[%emt 0:00:01]} 14. Nh3 {[%emt 0:00:05]} Nxd3 {[%emt 0:00:03]} 15. Nc3 {[%emt 0:00:03]} Nb4+ {[%emt 0:00:03]} 16. Kb3 {[%emt 0:00:01]} a5 {[%emt 0:00:02]} 17. Nxe4 {[%emt 0:00:01]} a4+ {[%emt 0:00:01]} 18. Kc3 {[%emt 0:00:02]} Bxe4 {[%emt 0:00:01]} 19. Qe3 {[%emt 0:00:02]} O-O {[%emt 0:00:02]} 20. Rhe1 {[%emt 0:00:01]} Qf6+ {[%emt 0:00:02]} 21. Qd4 {[%emt 0:00:04]} Qxd4+ {[%emt 0:00:03]} 22. Kxd4 {[%emt 0:00:00]} Bf5 {[%emt 0:00:02]} 23. Re2 {[%emt 0:00:04]} Nc2+ {[%emt 0:00:02]} 24. Rxc2 {[%emt 0:00:04]} Bxc2 {[%emt 0:00:00]} 25. Re1 {[%emt 0:00:01]} Bf5 {[%emt 0:00:01]} 26. Nf2 {[%emt 0:00:01]} Rfe8 {[%emt 0:00:01]} 27. Rc1 {[%emt 0:00:01]} Re2 {[%emt 0:00:02] Haxhi Baha resigns (Lag: Av=0.81s, max=1.2s)} 0-1

[Event "Stay Safe Play From Home 248"]
[Site "Emanuel Lasker Arena"]
[Date "2020.06.23"]
[Round "9"]
[White "Grazie"]
[Black "Dave_H"]
[Result "1-0"]
[WhiteElo "1812"]
[BlackElo "1737"]
[Annotator "NA"]
[PlyCount "71"]
[EventDate "2020.06.23"]
[EventType "swiss (blitz)"]
[BlackTeam "SK Vellmar"]

{- Halt, David (2088)} 1. d4 {[%emt 0:00:01]} f5 {[%emt 0:00:01]} 2. c3 {[%emt 0:00:00]} Nf6 {[%emt 0:00:01]} 3. g3 {[%emt 0:00:00]} g6 {[%emt 0:00:01]} 4. Bg2 {[%emt 0:00:00]} Bg7 {[%emt 0:00:00]} 5. Nf3 {[%emt 0:00:00]} O-O {[%emt 0:00:01]} 6. Bg5 {[%emt 0:00:00]} d6 {[%emt 0:00:01]} 7. Bxf6 {[%emt 0:00:00]} Bxf6 {[%emt 0:00:02]} 8. Nbd2 {[%emt 0:00:00]} e5 {[%emt 0:00:02]} 9. O-O {[%emt 0:00:00]} e4 {[%emt 0:00:01]} 10. Ne1 {[%emt 0:00:00]} d5 {[%emt 0:00:01]} 11. Nc2 {[%emt 0:00:00]} c6 {[%emt 0:00:02]} 12. f3 {[%emt 0:00:01]} Be6 {[%emt 0:00:02]} 13. f4 {[%emt 0:00:01]} Nd7 {[%emt 0:00:02]} 14. e3 {[%emt 0:00:00]} g5 {[%emt 0:00:01]} 15. b3 {[%emt 0:00:03]} gxf4 {[%emt 0:00:02]} 16. exf4 {[%emt 0:00:00]} Qe8 {[%emt 0:00:03]} 17. Ne3 {[%emt 0:00:00]} Qh5 {[%emt 0:00:02]} 18. Qxh5 {[%emt 0:00:01]} Bg7 {[%emt 0:00:05]} 19. Bh3 {[%emt 0:00:01]} Nf6 {[%emt 0:00:03]} 20. Qe2 {[%emt 0:00:02]} h5 {[%emt 0:00:03]} 21. Bxf5 {[%emt 0:00:02]} Bxf5 {[%emt 0:00:02]} 22. Nxf5 {[%emt 0:00:01]} Ng4 {[%emt 0:00:04]} 23. Nxg7 {[%emt 0:00:03]} Kxg7 {[%emt 0:00:02]} 24. Rae1 {[%emt 0:00:01]} Rae8 {[%emt 0:00:04]} 25. h3 {[%emt 0:00:01]} Nf6 {[%emt 0:00:03]} 26. Kg2 {[%emt 0:00:01]} Kh7 {[%emt 0:00:01]} 27. c4 {[%emt 0:00:04]} Rg8 {[%emt 0:00:00]} 28. cxd5 {[%emt 0:00:01]} cxd5 {[%emt 0:00:01]} 29. Rg1 {[%emt 0:00:04]} Re7 {[%emt 0:00:00]} 30. Kh2 {[%emt 0:00:01]} Reg7 {[%emt 0:00:01]} 31. Nf1 {[%emt 0:00:03]} Rg6 {[%emt 0:00:01]} 32. Ne3 {[%emt 0:00:01]} Rh6 {[%emt 0:00:01]} 33. Nf5 {[%emt 0:00:01]} Ng4+ {[%emt 0:00:02]} 34. hxg4 {[%emt 0:00:03]} hxg4+ {[%emt 0:00:01]} 35. Nxh6 {[%emt 0:00:01]} Kxh6 {[%emt 0:00:01]} 36. Kg2 {[%emt 0:00:00] Zeit (Lag: Av=0.29s, max=0.8s) '} 1-0

[Event "Stay Safe Play From Home 248"]
[Site "Emanuel Lasker Arena"]
[Date "2020.06.23"]
[Round "9"]
[White "Matanant"]
[Black "Trotsky"]
[Result "0-1"]
[WhiteElo "1584"]
[BlackElo "1560"]
[Annotator "NA"]
[PlyCount "56"]
[EventDate "2020.06.23"]
[EventType "swiss (blitz)"]

1. e4 {[%emt 0:00:03]} c5 {[%emt 0:00:01]} 2. f4 {[%emt 0:00:01]} e6 {[%emt 0:00:00]} 3. Nf3 {[%emt 0:00:00]} d5 {[%emt 0:00:01]} 4. e5 {[%emt 0:00:01]} Nc6 {[%emt 0:00:01]} 5. c3 {[%emt 0:00:01]} Qc7 {[%emt 0:00:00]} 6. d4 {[%emt 0:00:01]} Bd7 {[%emt 0:00:02]} 7. Be3 {[%emt 0:00:02]} c4 {[%emt 0:00:01]} 8. Be2 {[%emt 0:00:02]} O-O-O {[%emt 0:00:01]} 9. O-O {[%emt 0:00:01]} f6 {[%emt 0:00:01]} 10. b3 {[%emt 0:00:02]} fxe5 {[%emt 0:00:01]} 11. fxe5 {[%emt 0:00:01]} h5 {[%emt 0:00:03]} 12. bxc4 {[%emt 0:00:02]} Nh6 {[%emt 0:00:01]} 13. cxd5 {[%emt 0:00:02]} exd5 {[%emt 0:00:01]} 14. Nbd2 {[%emt 0:00:02]} g6 {[%emt 0:00:02]} 15. Qc2 {[%emt 0:00:03]} Ng4 {[%emt 0:00:01]} 16. Bg5 {[%emt 0:00:06]} Re8 {[%emt 0:00:02]} 17. Qxg6 {[%emt 0:00:03]} Ncxe5 {[%emt 0:00:03]} 18. Nxe5 {[%emt 0:00:04]} Rxe5 {[%emt 0:00:04]} 19. dxe5 {[%emt 0:00:02]} Qxe5 {[%emt 0:00:01]} 20. Bxg4 {[%emt 0:00:02]} hxg4 {[%emt 0:00:01]} 21. Rae1 {[%emt 0:00:03]} Qxh2+ {[%emt 0:00:02]} 22. Kf2 {[%emt 0:00:02]} Bc5+ {[%emt 0:00:01]} 23. Ke2 {[%emt 0:00:03]} Qxg2+ {[%emt 0:00:03]} 24. Kd1 {[%emt 0:00:00]} Rh3 {[%emt 0:00:06]} 25. Qg8+ {[%emt 0:00:03]} Kc7 {[%emt 0:00:02]} 26. Bf4+ {[%emt 0:00:01]} Kc6 {[%emt 0:00:02]} 27. Re6+ {[%emt 0:00:02]} Kb5 {[%emt 0:00:01]} 28. Re7 {[%emt 0:00:01]} Rh2 {[%emt 0:00:01] Time (Lag: Av=0.57s, max=0.9s)} 0-1